[Event "Lichtenberger Sommer 2018"]
[Site "?"]
[Date "2018.08.23"]
[Round "6.74"]
[White "Khalaf, Adnan"]
[Black "Bergmann, Jens"]
[Result "0-1"]
[WhiteElo "1585"]
[BlackElo "1835"]
[PlyCount "66"]
[EventDate "2018.??.??"]
[WhiteTeam "Läufer Reinickendorf"]
[BlackTeam "SK Tempelhof 1931"]

1. d4 Nf6 2. Bf4 e6 3. a3 c5 4. e3 Qb6 5. b3 cxd4 6. exd4 Nc6 7. Nf3 Be7 8. Bd3
Nxd4 9. Nxd4 Qxd4 10. Nd2 Qxf4 11. Nf3 Bxa3 12. O-O Bc5 13. Ra4 Qc7 14. h3 a6
15. Re1 b5 16. Bxb5 Qb6 17. Qe2 Bb7 18. Bd3 Nd5 19. Rg4 g6 20. Ne5 f5 21. Rc4
a5 22. Qd2 Ba6 23. Rh4 Bb4 24. Qh6 Bxe1 25. Qg7 Bxf2+ 26. Kh2 O-O-O 27. Bxa6+
Qxa6 28. Rc4+ Nc7 29. Nxd7 Qd6+ 30. Ne5 Bd4 31. Qh6 Bxe5+ 32. g3 Qd2+ 33. Qxd2
Rxd2+ 0-1

[Event "Lichtenberger Sommer 2018"]
[Site "?"]
[Date "2018.08.23"]
[Round "6.75"]
[White "Metzinger, Hannes"]
[Black "Krawatzki, Armin"]
[Result "1-0"]
[WhiteElo "1734"]
[BlackElo "1654"]
[PlyCount "49"]
[EventDate "2018.??.??"]
[WhiteTeam "SK Ottenau"]
[BlackTeam "Läufer Reinickendorf"]

1. e4 e6 2. d4 d5 3. Nd2 Be7 4. e5 c5 5. c3 Nc6 6. Bd3 Nh6 7. Ne2 O-O 8. Nf3
Nf5 9. O-O c4 10. Bc2 f6 11. Bf4 fxe5 12. Bxe5 Bd7 13. Ng3 Nxg3 14. Bxg3 Bf6
15. Re1 Qb6 16. Qd2 Rae8 17. Ne5 Qd8 18. Qd1 Nxe5 19. dxe5 Bg5 20. h4 Bf4 21.
Qh5 g6 22. Bxg6 hxg6 23. Qxg6+ Kh8 24. Bxf4 Rxf4 25. Qh6+ 1-0

[Event "Lichtenberger Sommer 2018"]
[Site "?"]
[Date "2018.08.23"]
[Round "6.76"]
[White "Pathasart, Somchay"]
[Black "Rehmsmeier, Marc"]
[Result "1/2-1/2"]
[WhiteElo "1750"]
[BlackElo "1735"]
[PlyCount "104"]
[EventDate "2018.??.??"]
[WhiteTeam "SG Weißensee 49"]
[BlackTeam "SK International Berlin 2010"]

1. d4 d5 2. c4 c6 3. Nf3 Nf6 4. e3 Bf5 5. a4 e6 6. Nc3 Bb4 7. Bd2 O-O 8. Be2
dxc4 9. Bxc4 Nbd7 10. O-O Re8 11. Nh4 Bg4 12. f3 Bh5 13. g3 g5 14. Ng2 e5 15.
Qb3 a5 16. Qc2 Bg6 17. Qd1 Nb6 18. Ba2 exd4 19. exd4 Qxd4+ 20. Kh1 h6 21. Be3
Qxd1 22. Raxd1 Nbd7 23. f4 Bh5 24. Rd4 Bc5 25. fxg5 Rxe3 26. Rxd7 Nxd7 27. Nxe3
Bxe3 28. g4 Bg6 29. h4 h5 30. gxh5 Bxh5 31. Ne4 Bc5 32. Ng3 Bg4 33. Rxf7 Kh8
34. g6 Nf6 35. Rxf6 Rf8 36. Rxf8+ Bxf8 37. h5 Kg7 38. Bb1 b5 39. axb5 cxb5 40.
Kg2 a4 41. Bc2 Bb4 42. Kf2 Bc5+ 43. Ke1 Bb4+ 44. Kf2 Bc5+ 45. Kg2 a3 46. bxa3
Bxa3 47. Nf5+ Bxf5 48. Bxf5 Bb2 49. Bc2 Kh6 50. Bd1 b4 51. Kg3 Bc3 52. Kg4 Bd4
1/2-1/2

[Event "Lichtenberger Sommer 2018"]
[Site "?"]
[Date "2018.08.23"]
[Round "6.78"]
[White "Wieczorek, Martin"]
[Black "Kohlmeyer, Dagobert"]
[Result "0-1"]
[WhiteElo "1426"]
[BlackElo "1858"]
[PlyCount "102"]
[EventDate "2018.??.??"]
[WhiteTeam "SK Dessau 93"]
[BlackTeam "SG Weißensee 49"]

1. d4 Nf6 2. c4 g6 3. Nf3 Bg7 4. g3 O-O 5. Bg2 c6 6. O-O d5 7. cxd5 cxd5 8. Nc3
Nc6 9. Bf4 a6 10. Rc1 e6 11. Qd2 Ne4 12. Nxe4 dxe4 13. Ng5 Qxd4 14. Qxd4 Nxd4
15. Rfe1 e5 16. Bd2 f5 17. Rc7 h6 18. Nh3 Rf7 19. Rxf7 Kxf7 20. f3 exf3 21.
exf3 Bd7 22. Bc3 Bc6 23. Nf2 Rd8 24. Bxd4 Rxd4 25. Rd1 Rxd1+ 26. Nxd1 Bf8 27.
a3 Bc5+ 28. Kf1 Bb5+ 29. Ke1 Bd4 30. Kd2 Ke6 31. Nc3 Bxc3+ 32. Kxc3 Kd5 33. g4
fxg4 34. fxg4+ e4 35. b3 Be2 36. h3 Ke5 37. Kd2 Bf3 38. Bxf3 exf3 39. Ke3 f2
40. Kxf2 Kf4 41. Kg2 Ke3 42. Kg3 g5 43. b4 b5 44. h4 Ke4 45. hxg5 hxg5 46. Kh2
Kf4 47. Kh3 Kf3 48. Kh2 Kxg4 49. Kg2 Kf4 50. Kf2 Ke4 51. Ke2 Kd4 0-1

[Event "Lichtenberger Sommer 2018"]
[Site "?"]
[Date "2018.08.23"]
[Round "6.79"]
[White "Bandsom, Olaf"]
[Black "Schubert, Vincent"]
[Result "1-0"]
[WhiteElo "1806"]
[BlackElo "1296"]
[PlyCount "101"]
[EventDate "2018.??.??"]
[WhiteTeam "SC Friesen Lichtenberg"]
[BlackTeam "Borussia Lichtenberg"]

1. e4 e5 2. Nf3 Nf6 3. Nc3 Nc6 4. Bc4 h6 5. a3 a5 6. O-O Bc5 7. d3 O-O 8. Be3
Bxe3 9. fxe3 d6 10. d4 exd4 11. exd4 Re8 12. Bd3 Bg4 13. d5 Ne5 14. Be2 Nxf3+
15. Bxf3 Bxf3 16. Qxf3 c6 17. Kh1 Qc7 18. Rae1 Qb6 19. Qg3 Nh5 20. Qf3 Nf6 21.
b3 Qc5 22. Rd1 Qxa3 23. dxc6 bxc6 24. Qg3 Nxe4 25. Nxe4 Rxe4 26. Rxd6 Qc5 27.
Rd7 Re7 28. Rd2 Qe5 29. Qd3 Qc7 30. Qc4 Rd7 31. Re2 Rad8 32. Ref2 Re7 33. h3
Rdd7 34. Rf5 Qd6 35. Rxa5 Qd2 36. Raf5 Re6 37. R5f2 Qg5 38. Rxf7 Rde7 39. Rxe7
Qxe7 40. Re1 Kf7 41. Kg1 Qd6 42. Qxe6+ Qxe6 43. Rxe6 Kxe6 44. Kf2 g6 45. Ke3
Ke5 46. c3 Kd5 47. Kd3 h5 48. b4 g5 49. c4+ Kd6 50. Ke4 Ke6 51. b5 1-0

[Event "Lichtenberger Sommer 2018"]
[Site "?"]
[Date "2018.08.23"]
[Round "6.80"]
[White "Kirves, Martin"]
[Black "Lieder, Günter"]
[Result "0-1"]
[WhiteElo "1332"]
[BlackElo "1830"]
[PlyCount "104"]
[EventDate "2018.??.??"]
[WhiteTeam "BSC Rehberge"]
[BlackTeam "SK Turm Bad Hersfeld"]

1. d4 g6 2. c4 Bg7 3. Nc3 e6 4. Nf3 d5 5. cxd5 exd5 6. Bg5 f6 7. Bh4 Ne7 8. e3
c6 9. Bd3 Bg4 10. Bg3 O-O 11. O-O Re8 12. h3 Bf5 13. Nh4 Bxd3 14. Qxd3 Na6 15.
a3 Nc7 16. Rfe1 f5 17. Rad1 Nc8 18. f3 Nd6 19. e4 dxe4 20. fxe4 fxe4 21. Nxe4
Nxe4 22. Rxe4 Rxe4 23. Qxe4 Nd5 24. Qe6+ Kh8 25. Nf3 Qe8 26. Re1 Qxe6 27. Rxe6
Kg8 28. Be5 Rd8 29. g4 Bxe5 30. dxe5 Kg7 31. Kf2 a5 32. Kg3 a4 33. h4 h6 34.
Nd2 Kf7 35. Rd6 Rxd6 36. exd6 Ke6 37. Ne4 Nb6 38. Kf4 Nd5+ 39. Kf3 b5 40. Ke2
Nb6 41. Ke3 Nc4+ 42. Kd4 Nxd6 43. Nc5+ Ke7 44. b3 axb3 45. Nxb3 Nb7 46. g5 hxg5
47. hxg5 Kd6 48. Nd2 c5+ 49. Kc3 Ke5 50. Kd3 Nd6 51. Ke3 Kf5 52. Nf3 Nc4+ 0-1

[Event "Lichtenberger Sommer 2018"]
[Site "?"]
[Date "2018.08.23"]
[Round "6.81"]
[White "Wallmann, Bodo"]
[Black "Ettel, Ralf"]
[Result "1-0"]
[WhiteElo "1814"]
[BlackElo "1549"]
[PlyCount "44"]
[EventDate "2018.??.??"]
[WhiteTeam "SC Kreuzberg"]
[BlackTeam "SK König Tegel"]

1. d4 Nf6 2. c4 e6 3. a3 b6 4. Nc3 Bb7 5. Bg5 Be7 6. e3 O-O 7. Nf3 d6 8. Bd3
Nbd7 9. O-O c5 10. Rc1 Rc8 11. Re1 d5 12. cxd5 exd5 13. Bb1 Ne4 14. Bxe7 Qxe7
15. Nxe4 dxe4 16. Nd2 f5 17. Qa4 Bc6 18. Qc4+ Qf7 19. Qxf7+ Rxf7 20. Ba2 cxd4
21. Bxf7+ Kxf7 22. exd4 Nb8 1-0

[Event "Lichtenberger Sommer 2018"]
[Site "?"]
[Date "2018.08.23"]
[Round "6.82"]
[White "Wilke, Hans-Peter"]
[Black "Wörz, Markus"]
[Result "0-1"]
[WhiteElo "1515"]
[BlackElo "2027"]
[PlyCount "84"]
[EventDate "2018.??.??"]
[WhiteTeam "Läufer Reinickendorf"]
[BlackTeam "SC Kreuzberg"]

1. d4 Nf6 2. Nf3 c5 3. Bf4 d5 4. e3 Nc6 5. c3 Qb6 6. Qb3 c4 7. Qc2 Bf5 8. Qc1
h6 9. h3 e6 10. Nbd2 Be7 11. Be2 O-O 12. O-O Qd8 13. Ne5 Bd6 14. Nxc6 bxc6 15.
Bxd6 Qxd6 16. Nf3 Rfb8 17. Ne5 a5 18. f3 c5 19. g4 Bh7 20. Rf2 Rb7 21. Bf1 Ne8
22. f4 Nf6 23. Bg2 Ne4 24. f5 Nxf2 25. Kxf2 exf5 26. Nxc4 dxc4 27. Bxb7 Qh2+
28. Bg2 Rb8 29. Qd2 fxg4 30. Rh1 Qd6 31. hxg4 cxd4 32. cxd4 Qb6 33. Ra1 Qxb2
34. Qxb2 Rxb2+ 35. Kg3 Bb1 36. Bd5 c3 37. Bb3 Rxb3 38. axb3 c2 39. Rxa5 c1=Q
40. Ra8+ Kh7 41. Re8 Qg1+ 42. Kf4 Qf2+ 0-1

[Event "Lichtenberger Sommer 2018"]
[Site "?"]
[Date "2018.08.23"]
[Round "6.83"]
[White "Schilly, Hans-Joachim"]
[Black "Korek, Jakob Alexander"]
[Result "1/2-1/2"]
[WhiteElo "1771"]
[BlackElo "1498"]
[PlyCount "120"]
[EventDate "2018.??.??"]
[WhiteTeam "SF Siemensstadt"]
[BlackTeam "Königsjäger Süd-West"]

1. c4 g6 2. Nc3 c5 3. Nf3 Nc6 4. g3 Bg7 5. Bg2 Nf6 6. d4 d6 7. d5 Nb8 8. O-O
O-O 9. Qd2 Nbd7 10. Qc2 Re8 11. b3 Nf8 12. Bb2 a6 13. e4 e5 14. a3 b6 15. a4
Re7 16. Bc1 N8d7 17. Bd2 Nb8 18. Nh4 Bd7 19. h3 a5 20. Kh2 Ne8 21. Rae1 f6 22.
Qc1 Na6 23. Ne2 Nb4 24. Bxb4 cxb4 25. Qe3 Nc7 26. Qxb6 Be8 27. Qe3 Na6 28. Rb1
Nc5 29. Nc1 Bd7 30. Nd3 Qc7 31. Nxc5 Qxc5 32. Qxc5 dxc5 33. g4 Bh6 34. Rbd1
Bf4+ 35. Kh1 g5 36. Nf5 Bxf5 37. exf5 Rd7 38. Be4 Rd6 39. f3 Kf7 40. Kg2 Rh8
41. Rh1 h6 42. h4 Kg7 43. Rdf1 Kf7 44. hxg5 Bxg5 45. Kg3 Bf4+ 46. Kh4 Bg5+ 47.
Kh5 Kg7 48. Re1 Kf7 49. Rhf1 Kg7 50. f4 Bxf4 51. Rxf4 exf4 52. Bf3 Kf7 53. Re6
Rxe6 54. fxe6+ Ke7 55. Kg6 Rg8+ 56. Kf5 Rg5+ 57. Kxf4 Kd6 58. Be4 Ke7 59. Bf5
Kd6 60. Ke4 Ke7 1/2-1/2

[Event "Lichtenberger Sommer 2018"]
[Site "?"]
[Date "2018.08.23"]
[Round "6.84"]
[White "Geldner, Gerrit"]
[Black "Plaza Reino, Mateo"]
[Result "1-0"]
[WhiteElo "1780"]
[BlackElo "1410"]
[PlyCount "119"]
[EventDate "2018.??.??"]
[WhiteTeam "vereinslos"]
[BlackTeam "Enniscorthy Chess Club"]

1. e4 c5 2. Nf3 d6 3. c4 Nf6 4. Nc3 g6 5. d4 cxd4 6. Nxd4 Bg7 7. Be2 O-O 8. Be3
Nc6 9. O-O Bd7 10. Rc1 Rc8 11. f3 a6 12. Nc2 Ne5 13. b3 Qa5 14. b4 Qc7 15. Na3
Nc6 16. Nd5 Qb8 17. Qd2 Nxd5 18. cxd5 Ne5 19. h3 Rxc1 20. Rxc1 Ba4 21. b5 axb5
22. Nxb5 Rc8 23. f4 Nd7 24. Nc3 Bxc3 25. Rxc3 Nf6 26. Bf3 Rxc3 27. Qxc3 Qd8 28.
Bd4 Bd7 29. g4 h6 30. g5 hxg5 31. fxg5 Ne8 32. Kh2 Qc8 33. Qe1 Ng7 34. h4 Qf8
35. Qc3 Bc8 36. Bg2 Nh5 37. Bf3 Nf4 38. e5 dxe5 39. Bxe5 Nh3 40. Qd4 Bf5 41.
Bg2 Qc8 42. d6 exd6 43. Bh8 Qf8 44. Bxh3 Bxh3 45. Kxh3 d5 46. Kg3 Qd6+ 47. Kf3
Qa3+ 48. Qc3 Qxc3+ 49. Bxc3 Kf8 50. Kf4 Ke7 51. Ke5 Kd7 52. Kxd5 Kc7 53. a4 Kd7
54. a5 Kc7 55. Ke5 Kd7 56. Bb4 Kd8 57. Kf6 Ke8 58. Kg7 Kd7 59. Kxf7 Kd8 60.
Kxg6 1-0

[Event "Lichtenberger Sommer 2018"]
[Site "?"]
[Date "2018.08.23"]
[Round "6.86"]
[White "Abraham, Helmut"]
[Black "Lee, Kwan Ho"]
[Result "1-0"]
[WhiteElo "1461"]
[BlackElo "1650"]
[PlyCount "59"]
[EventDate "2018.??.??"]
[WhiteTeam "SC Kreuzberg"]
[BlackTeam "Hong Kong Chess Federation"]

1. Nf3 d5 2. e3 e6 3. c4 Nf6 4. b3 Be7 5. Bb2 O-O 6. Nc3 c6 7. d4 Qa5 8. Bd3
dxc4 9. Bxc4 Ne4 10. Qc2 Bb4 11. Qxe4 Bxc3+ 12. Bxc3 Qxc3+ 13. Ke2 Qb2+ 14. Nd2
Nd7 15. Rhb1 Qa3 16. b4 Nf6 17. Qh4 b5 18. Rb3 Qa6 19. Bd3 h6 20. e4 Qb6 21. e5
Nh7 22. Nf3 Bb7 23. Rc1 Rad8 24. Rc5 a6 25. Bxh7+ Kxh7 26. Ng5+ Kg8 27. Rh3 Rd5
28. Qe4 g6 29. Rxh6 f5 30. Qh4 1-0

[Event "Lichtenberger Sommer 2018"]
[Site "?"]
[Date "2018.08.23"]
[Round "6.87"]
[White "Tedesco, Gennaro"]
[Black "Lange, Johannes Friedrich"]
[Result "1-0"]
[WhiteElo "1706"]
[BlackElo "1447"]
[PlyCount "101"]
[EventDate "2018.??.??"]
[WhiteTeam "SC Kreuzberg"]
[BlackTeam "TSG Oberschöneweide"]

1. d4 d5 2. c4 e5 3. dxe5 d4 4. Nf3 Nc6 5. g3 Bg4 6. Bg2 Qd7 7. O-O O-O-O 8.
Nbd2 Bc5 9. a3 a5 10. Nb3 Be7 11. Re1 d3 12. exd3 Qxd3 13. Qxd3 Rxd3 14. Nbd2
Nh6 15. h3 Be6 16. Bf1 Rd7 17. g4 Rhd8 18. Ne4 Nd4 19. Nxd4 Rxd4 20. b3 Ng8 21.
Bb2 R4d7 22. Bc3 Bh4 23. Nc5 Re7 24. Nxe6 Rxe6 25. Bxa5 Ne7 26. Bc3 Nc6 27. Re4
Nxe5 28. Rxe5 Bf6 29. Rxe6 Bxc3 30. Ree1 Bxa1 31. Rxa1 Rd2 32. Kg2 Rb2 33. b4
Rb3 34. c5 Kd8 35. Bc4 Rc3 36. Bxf7 Ke7 37. Bd5 b6 38. Re1+ Kd7 39. cxb6 cxb6
40. Re3 Rc1 41. Be4 h6 42. Bf5+ Kc6 43. Re7 Ra1 44. a4 Kd5 45. Rxg7 Rxa4 46.
Rg6 Rxb4 47. Rxh6 b5 48. Rb6 Kc5 49. Rb8 Rb2 50. h4 b4 51. h5 1-0

[Event "Lichtenberger Sommer 2018"]
[Site "?"]
[Date "2018.08.23"]
[Round "6.88"]
[White "Eichstädt, Torsten"]
[Black "Lalaev, Ashur"]
[Result "1-0"]
[WhiteElo "1361"]
[BlackElo "1656"]
[PlyCount "38"]
[EventDate "2018.??.??"]
[WhiteTeam "SC Friesen Lichtenberg"]
[BlackTeam "TuS Makkabi Berlin"]

1. e4 c5 2. Nf3 Nc6 3. d4 cxd4 4. c3 dxc3 5. Nxc3 d6 6. Bc4 e6 7. O-O Nf6 8.
Bg5 Be7 9. Re1 O-O 10. e5 dxe5 11. Nxe5 Nxe5 12. Rxe5 Qc7 13. Qe2 a6 14. Bxf6
Bxf6 15. Re3 b5 16. Bd3 Bb7 17. Bxh7+ Kxh7 18. Qh5+ Kg8 19. Rh3 Qxh2+ 1-0

[Event "Lichtenberger Sommer 2018"]
[Site "?"]
[Date "2018.08.23"]
[Round "6.89"]
[White "Wadepfuhl, Jeremy"]
[Black "Lange, Christoph"]
[Result "1-0"]
[WhiteElo "1526"]
[BlackElo "1268"]
[PlyCount "125"]
[EventDate "2018.??.??"]
[WhiteTeam "Borussia Lichtenberg"]
[BlackTeam "TSG Oberschöneweide"]

1. b3 Nf6 2. Bb2 d5 3. e3 c5 4. d4 e6 5. Nd2 Be7 6. Ngf3 O-O 7. Bd3 Qc7 8. dxc5
Qxc5 9. O-O Qb6 10. Qe2 Nc6 11. c4 dxc4 12. Nxc4 Qd8 13. Rfd1 Bd7 14. Rac1 Rc8
15. Ng5 Nb4 16. Bb1 h6 17. Nf3 Nc6 18. e4 Rc7 19. Rc2 Qc8 20. Rdc1 Nb4 21. Nb6
Rxc2 22. Rxc2 Qd8 23. Nxd7 Qxd7 24. Rd2 Qc8 25. a3 Nc6 26. Nd4 Nxd4 27. Rxd4
Rd8 28. Rxd8+ Qxd8 29. Qd3 Qxd3 30. Bxd3 Nd7 31. b4 Bf6 32. Bc1 Bd4 33. Kf1 Kf8
34. f4 Ke7 35. Ke2 f6 36. Bc2 e5 37. f5 a6 38. a4 b6 39. Bd3 a5 40. Ba3 axb4
41. Bxb4+ Bc5 42. Bxc5+ Nxc5 43. Bc2 Kd6 44. h4 Kc6 45. g4 Kb7 46. Kd2 Ka6 47.
Kc3 Ka5 48. Kc4 Nxa4 49. Kd5 Kb4 50. Ke6 Kc3 51. Bxa4 Kd4 52. Bc2 b5 53. Kf7 b4
54. Kxg7 b3 55. Bxb3 Kxe4 56. Kxf6 Kf4 57. Bd1 e4 58. g5 hxg5 59. hxg5 e3 60.
g6 Kg3 61. g7 Kf2 62. g8=Q e2 63. Bxe2 1-0

[Event "Lichtenberger Sommer 2018"]
[Site "?"]
[Date "2018.08.23"]
[Round "6.90"]
[White "Tschirschwitz, Stephan"]
[Black "Schild, Reinhard"]
[Result "1/2-1/2"]
[WhiteElo "1530"]
[BlackElo "1601"]
[PlyCount "41"]
[EventDate "2018.??.??"]
[WhiteTeam "Lasker Steglitz-Wilmersdorf"]
[BlackTeam "SG Weißensee 49"]

1. d4 d5 2. c4 e6 3. Nf3 Nf6 4. Bg5 Nbd7 5. Nc3 c6 6. e3 h6 7. Bh4 Bd6 8. Bd3
dxc4 9. Bxc4 O-O 10. a4 a6 11. O-O Qc7 12. e4 e5 13. d5 cxd5 14. Bxd5 g5 15.
Bg3 Nb6 16. Qb3 Nbxd5 17. Nxd5 Nxd5 18. Qxd5 Be6 19. Qd2 Rad8 20. Nxg5 hxg5 21.
Qxg5+ 1/2-1/2

[Event "Lichtenberger Sommer 2018"]
[Site "?"]
[Date "2018.08.23"]
[Round "6.91"]
[White "Fiedler, Ronald"]
[Black "Kossueva, Fatima"]
[Result "1/2-1/2"]
[WhiteElo "1657"]
[BlackElo "1365"]
[PlyCount "91"]
[EventDate "2018.??.??"]
[WhiteTeam "Läufer Reinickendorf"]
[BlackTeam "SC Friesen Lichtenberg"]

1. d4 Nf6 2. c4 d6 3. Nc3 g6 4. e4 Bg7 5. Be2 c6 6. Bg5 O-O 7. h4 Qa5 8. Qd2
Rd8 9. h5 Nbd7 10. hxg6 fxg6 11. O-O-O e5 12. d5 Nc5 13. f3 cxd5 14. Nxd5 Qxa2
15. Qc3 Na4 16. Qa3 Qxa3 17. bxa3 Rf8 18. Nc7 Rb8 19. Rxd6 Nc5 20. Kc2 b6 21.
Nh3 Rb7 22. Nb5 Bd7 23. Rhd1 Bxb5 24. cxb5 Rc7 25. Rc6 Rd7 26. Rxd7 Nfxd7 27.
Bc4+ Kh8 28. Be7 Re8 29. Bd6 Ne6 30. Kd2 Bh6+ 31. Ke2 Nd4+ 32. Kd3 Nxc6 33.
bxc6 Nc5+ 34. Kc2 Bf8 35. Bxc5 Bxc5 36. Ng5 Bxa3 37. Ba6 Re7 38. Bc8 Bd6 39.
Bd7 Kg7 40. Kb3 Kf6 41. Nh3 Rxd7 42. cxd7 Be7 43. Nf2 Ke6 44. Nd3 Bf6 45. Kc4
Kxd7 46. Kb5 1/2-1/2

[Event "Lichtenberger Sommer 2018"]
[Site "?"]
[Date "2018.08.23"]
[Round "6.92"]
[White "Jiranek, Benno"]
[Black "Müller, Johannes"]
[Result "0-1"]
[WhiteElo "1469"]
[BlackElo "1775"]
[PlyCount "84"]
[EventDate "2018.??.??"]
[WhiteTeam "SC Kreuzberg"]
[BlackTeam "SC Eintracht Berlin"]

1. d4 d5 2. c4 e6 3. Nc3 f5 4. Nf3 Nf6 5. g3 c6 6. cxd5 exd5 7. Bf4 Bd6 8. Bxd6
Qxd6 9. Ne5 O-O 10. e3 Nbd7 11. f4 Ne4 12. Nxe4 fxe4 13. Qc2 Nxe5 14. dxe5 Qb4+
15. Kf2 g5 16. Rd1 Be6 17. a3 Qb6 18. Rg1 c5 19. Qc3 Rad8 20. b4 cxb4 21. Qxb4
Qxb4 22. axb4 Rc8 23. Rd2 Rc3 24. Be2 Rb3 25. b5 h6 26. Rc1 Rf7 27. Bh5 gxf4
28. Bxf7+ Kxf7 29. gxf4 Rxb5 30. Rdc2 a5 31. Rc7+ Kg6 32. R1c2 a4 33. Ra2 Rb4
34. Rcc2 d4 35. Ra3 d3 36. Rd2 b5 37. Kg3 Bb3 38. Kh4 Rc4 39. Rg2+ Kf5 40. Ra1
Rc2 41. Rg7 d2 42. Rf7+ Bxf7 0-1

[Event "Lichtenberger Sommer 2018"]
[Site "?"]
[Date "2018.08.23"]
[Round "6.93"]
[White "Völler, Lothar"]
[Black "Fontaine, Constantin"]
[Result "1-0"]
[WhiteElo "1689"]
[BlackElo "1487"]
[PlyCount "109"]
[EventDate "2018.??.??"]
[WhiteTeam "FS Dortmund"]
[BlackTeam "SK Tempelhof 1931"]

1. e4 e5 2. d3 Nc6 3. Nf3 Bc5 4. g3 d6 5. Bg2 Bg4 6. O-O Qd7 7. Be3 Bb6 8. Nc3
Nge7 9. a3 h5 10. h4 O-O-O 11. Qd2 Nd4 12. Bxd4 exd4 13. Ne2 c5 14. Ng5 Ng6 15.
f3 Be6 16. Nxe6 fxe6 17. Bh3 Kb8 18. Qg5 Ne5 19. f4 Ng4 20. Bxg4 hxg4 21. Qxg4
d5 22. exd5 Qxd5 23. Qxg7 Rdg8 24. Qe5+ Qxe5 25. fxe5 Rxh4 26. Rf6 Rh5 27. Rxe6
Bc7 28. Rf1 Bxe5 29. Rf7 Rgh8 30. Kg2 Rh2+ 31. Kf3 Rxe2 32. Kxe2 Bxg3 33. Ree7
a6 34. Rxb7+ Kc8 35. Ra7 Re8+ 36. Rfe7 Rf8 37. Ra8+ Bb8 38. Rxa6 Kd8 39. Ree6
Bg3 40. Ra8+ Kd7 41. Rxf8 Kxe6 42. Kf3 Bd6 43. Re8+ Kd7 44. Re1 Kc6 45. Ke4 Bg3
46. Rb1 Bd6 47. a4 Kb6 48. Kd5 Bf8 49. Kc4 Be7 50. b3 Ka5 51. Re1 Bd6 52. Re6
Bf8 53. Rc6 Be7 54. Rxc5+ Bxc5 55. Kxc5 1-0

[Event "Lichtenberger Sommer 2018"]
[Site "?"]
[Date "2018.08.23"]
[Round "6.94"]
[White "Jouani, Zakharia"]
[Black "Wahner, Eberhard"]
[Result "1/2-1/2"]
[WhiteElo "1243"]
[BlackElo "1605"]
[PlyCount "48"]
[EventDate "2018.??.??"]
[WhiteTeam "SK Zehlendorf"]
[BlackTeam "SC Eintracht Berlin"]

1. e4 e6 2. d4 d5 3. Nc3 Bb4 4. e5 Ne7 5. f4 c5 6. Nf3 Nbc6 7. g3 Bxc3+ 8. bxc3
b6 9. Bd3 h6 10. O-O O-O 11. dxc5 bxc5 12. Nh4 Nf5 13. Nxf5 exf5 14. Bb5 Ne7
15. Be3 c4 16. Bc5 Bb7 17. Bd6 Qb6+ 18. Qd4 Qxb5 19. Bxe7 Rfe8 20. Rab1 Qd7 21.
Bd6 Bc6 22. Rb2 a5 23. Qb6 Rec8 24. Qe3 Re8 1/2-1/2

[Event "Lichtenberger Sommer 2018"]
[Site "?"]
[Date "2018.08.23"]
[Round "6.95"]
[White "Schiller, Stephan"]
[Black "Lippianowski, Stefan"]
[Result "1-0"]
[WhiteElo "1604"]
[BlackElo "1090"]
[PlyCount "69"]
[EventDate "2018.??.??"]
[WhiteTeam "SV Motor Wildau"]
[BlackTeam "SV Mattnetz Berlin"]

1. d4 d5 2. c4 Nf6 3. Nc3 e6 4. Nf3 Bb4 5. Bd2 Bxc3 6. bxc3 Ne4 7. e3 O-O 8.
Bd3 Nc6 9. Qc2 f5 10. Bc1 Qf6 11. cxd5 Qg6 12. Nh4 Qf6 13. dxc6 Qxh4 14. g3 Qg4
15. Be2 Qh3 16. Bf1 Qg4 17. Bg2 b6 18. f3 Qg6 19. fxe4 fxe4 20. Rf1 Ba6 21. c4
b5 22. Bxe4 Qh5 23. Qe2 Qxe2+ 24. Kxe2 bxc4 25. Rxf8+ Rxf8 26. Ba3 c3+ 27. Bd3
Bxd3+ 28. Kxd3 Rf2 29. Kxc3 Rxh2 30. Rf1 g6 31. Rf8+ Kg7 32. Rc8 Rxa2 33. Rxc7+
Kh6 34. Rxa7 Ra1 35. Bf8+ 1-0

[Event "Lichtenberger Sommer 2018"]
[Site "?"]
[Date "2018.08.23"]
[Round "6.96"]
[White "Pöltelt, Helmut"]
[Black "Morczynski, Ryszard"]
[Result "1-0"]
[WhiteElo "1714"]
[BlackElo "1284"]
[PlyCount "65"]
[EventDate "2018.??.??"]
[WhiteTeam "SC Eintracht Berlin"]
[BlackTeam "SK Zehlendorf"]

1. e4 g6 2. d4 Bg7 3. f4 d6 4. Nf3 c5 5. Bb5+ Bd7 6. Bxd7+ Nxd7 7. c3 h5 8. Qb3
Qb6 9. Be3 Qxb3 10. axb3 Nh6 11. h3 O-O 12. O-O a6 13. Nbd2 b5 14. Ng5 Rfe8 15.
b4 cxb4 16. cxb4 e6 17. Rfc1 f6 18. Ngf3 Bf8 19. Rc7 Nb8 20. Nb3 Be7 21. f5 Bd8
22. Rc8 Kf7 23. fxe6+ Kxe6 24. Bxh6 g5 25. h4 Kd7 26. Rac1 Ke6 27. hxg5 fxg5
28. Bxg5 Kd7 29. Bxd8 Rxd8 30. R1c7+ Ke8 31. Rxd8+ Kxd8 32. Rh7 Nc6 33. Rh8+
1-0

[Event "Lichtenberger Sommer 2018"]
[Site "?"]
[Date "2018.08.23"]
[Round "6.97"]
[White "Caglar, Erdal"]
[Black "Zoller, Julia"]
[Result "1-0"]
[WhiteElo "1486"]
[BlackElo "854"]
[PlyCount "45"]
[EventDate "2018.??.??"]
[WhiteTeam "SW Lichtenrade"]
[BlackTeam "SC Friesen Lichtenberg"]

1. e4 e5 2. f4 d6 3. Nf3 Nc6 4. Bc4 Bg4 5. O-O Be7 6. Bxf7+ Kxf7 7. Ng5+ Bxg5
8. fxg5+ Ke8 9. Qxg4 Nge7 10. d3 Nd4 11. Na3 h5 12. gxh6 gxh6 13. c3 Ndc6 14.
Rf6 Rg8 15. Qh5+ Kd7 16. Qh3+ Ke8 17. Bxh6 Ng6 18. Raf1 Qe7 19. Re6 Rd8 20.
Rxe7+ Kxe7 21. Bg5+ Ke8 22. Bxd8 Nxd8 23. Qh7 1-0

[Event "Lichtenberger Sommer 2018"]
[Site "?"]
[Date "2018.08.23"]
[Round "6.98"]
[White "Torosyan, Bagrat"]
[Black "Theilig, Reinhard"]
[Result "1/2-1/2"]
[WhiteElo "1309"]
[BlackElo "1598"]
[PlyCount "88"]
[EventDate "2018.??.??"]
[WhiteTeam "Schachpinguine Berlin"]
[BlackTeam "VfB Hermsdorf"]

1. e4 d6 2. d4 Nf6 3. Nc3 g6 4. f4 Bg7 5. e5 dxe5 6. fxe5 Nd5 7. Nxd5 Qxd5 8.
c4 Qd8 9. Nf3 O-O 10. Be2 Nd7 11. Bf4 c5 12. d5 Qa5+ 13. Qd2 Qxd2+ 14. Kxd2 h6
15. h4 Nb6 16. Rab1 Bf5 17. Bd3 Bg4 18. Nh2 Bc8 19. a3 Nd7 20. Nf3 a6 21. b4 b5
22. cxb5 axb5 23. Bxb5 Rxa3 24. Bxd7 Bxd7 25. bxc5 Ra2+ 26. Ke3 Rfa8 27. Rb7
R8a3+ 28. Kd4 Ra4+ 29. Kc3 R2a3+ 30. Rb3 Rxb3+ 31. Kxb3 Rxf4 32. c6 Bc8 33. d6
Be6+ 34. Ka3 exd6 35. exd6 Bf8 36. Rd1 Rc4 37. Ne5 Rc5 38. Ka4 Bxd6 39. Rxd6
Rxe5 40. Kb4 Bf5 41. Kc4 Re8 42. Kc5 Kf8 43. c7 Ke7 44. Rd2 Kf8 1/2-1/2

[Event "Lichtenberger Sommer 2018"]
[Site "?"]
[Date "2018.08.23"]
[Round "6.99"]
[White "Toth, Hans-Jürgen"]
[Black "Fricke, Janek Konrad"]
[Result "0-1"]
[WhiteElo "1452"]
[BlackElo "1485"]
[PlyCount "82"]
[EventDate "2018.??.??"]
[WhiteTeam "SF Zehdenick"]
[BlackTeam "SV Empor Berlin"]

1. f4 c5 2. Nf3 Nf6 3. e3 a6 4. b3 d6 5. Bb2 e6 6. Be2 Be7 7. O-O Nc6 8. Na3 b5
9. c4 b4 10. Nc2 O-O 11. d4 Qc7 12. dxc5 dxc5 13. Ne5 Bb7 14. Nxc6 Bxc6 15. Bf3
Rad8 16. Qe2 Ne4 17. Bxe4 Bxe4 18. Ne1 Qc6 19. Qg4 f6 20. Nf3 Bf5 21. Qg3 Rd3
22. Qf2 Qe4 23. Nh4 Rxe3 24. Rae1 Rxe1 25. Rxe1 Qd3 26. Nxf5 Qxf5 27. g3 Re8
28. Qe2 Bd6 29. Kg2 e5 30. Qd2 Qe6 31. f5 Qe7 32. Qd5+ Kf8 33. Re4 Rd8 34. a3
Bc7 35. Qc6 Rd2+ 36. Kh3 Rxb2 37. Qa8+ Qe8 38. Qd5 Qh5+ 39. Rh4 Qxf5+ 40. Rg4
Qf1+ 41. Kh4 Rxh2# 0-1